000 00886cab a2200277 4500
001 ABS58761
008 090401t1998 xxu||||| |||| 00| 0 eng d
035 _a(Sirsi) u86286
041 _aeng
100 _aIsaac, D.
245 _aUrban land reform sets the pace in China`s economy
260 _c1998
350 _a0
490 _aCSM
_bChartered Surveyor Monthly
_v7(8) May 1998, 32-34(3)
520 _aReviews land reforms that have taken place in China over the last fifty years. Details legislative developments and the changing approach to land use rights that has led to a fledgling property market.
650 _aCHINA
650 _aLAND OWNERSHIP
650 _aLAND REFORM
650 _aLand use
_96251
650 _aOVERSEAS MARKETS
650 _aTAXATION
690 _aOVERSEAS-REST OF THE WORLD
700 _aLing, L.
942 _n0
948 _c19/05/1998
999 _c54287
_d54287